[Event "Raisoni Memorial op U15"]
[Site "Nagpur"]
[Date "2012.09.21"]
[Round "7"]
[White "Ayush, Garg"]
[Black "Akash Pc, Iyer"]
[Result "0-1"]
[WhiteElo "1935"]
[BlackElo "2201"]
[PlyCount "105"]
[EventDate "2012.09.17"]
[EventType "swiss"]
[EventRounds "11"]
[EventCountry "IND"]
[SourceTitle "CBM 150 Extra"]
[Source "ChessBase"]
[SourceDate "2012.10.19"]
[SourceVersion "1"]
[SourceVersionDate "2012.10.19"]
[SourceQuality "1"]

1. d4 Nf6 2. c4 g6 3. Nf3 Bg7 4. g3 c5 5. d5 d6 6. Bg2 Nbd7 7. Nc3 0-0 8. 0-0 Ne8 9. e4 Nc7 10. Qd3 b6 11. b3 b5 12. Rb1 bxc4 13. bxc4 Nb6 14. Bb2 e5 15. Ne2 Bh6 16. Bc1 Bxc1 17. Rfxc1 f5 18. Qe3 Qf6 19. Qh6 Qg7 20. Qxg7+ Kxg7 21. Nd2 Bd7 22. f4 Rae8 23. fxe5 Rxe5 24. Nf4 fxe4 25. Bxe4 Rfe8 26. Bd3 Rf8 27. Re1 Rfe8 28. Kf2 g5 29. Ng2 h6 30. Rxe5 Rxe5 31. Re1 Rxe1 32. Nxe1 Kf7 33. Ne4 Ke7 34. Nc2 Ne8 35. Ne3 Nf6 36. Kf3 Nxe4 37. Kxe4 Kf6 38. Bc2 Be8 39. Ng4+ Kg7 40. Bd3 Bh5 41. Nf2 Kf6 42. Ke3 Ke5 43. h3 a6 44. Ne4 Bg6 45. Nf2 Bxd3 46. Ng4+ Kf5 47. Kxd3 h5 48. Ne3+ Ke5 49. Nd1 h4 50. gxh4 gxh4 51. Nf2 Kf4 52. Ne4 Nxc4 53. Nxc5 0-1